| 000 | 00568nam a22002057a 4500 | ||
|---|---|---|---|
| 003 | BUBTL | ||
| 008 | 221214b ||||| |||| 00| 0 eng d | ||
| 020 | _a9788184000146 | ||
| 082 | _a823/ D4511 / 2007 | ||
| 100 |
_94972 _aDesai, Anita |
||
| 245 |
_aBaumgartner's Bombay : _bAnita Desai |
||
| 250 | _a1st Edn. | ||
| 260 |
_aNew Delhi _bRandom House India _cc2007 |
||
| 300 |
_a273p. : _b20 cm |
||
| 650 | 0 |
_91994 _aEnglish Literature |
|
| 700 |
_95045 _aAnita Desai |
||
| 856 |
_k0 _l0 _yDownload |
||
| 942 |
_2ddc _cBK |
||
| 999 |
_c6873 _d6873 |
||